Les mouvements scouts en France (logos) - Statistiques

Statistiques générales
  • Ce quiz a été pris 70 fois
  • Le résultat moyen est 6 sur 10
Statistiques - réponses
Par images Hint Réponse % Correct
mouvement catholique fondé en 1958 Association des guides et scouts d'Europe
90%
plus grand mouvement français Scouts et Guides de France
90%
mouvement catholique fondé en 1971 Scouts unitaires de France
85%
fondé en 1990 Scouts musulmans de France
60%
mouvement protestant fondé en 1911 Éclaireuses et Éclaireurs unionistes de France
53%
mouvement laïque fondé en 1911 Éclaireuses éclaireurs de France
52%
mouvement d'inspiration boudhiste Éclaireuses et éclaireurs de la nature
45%
fondé en 1923 Éclaireuses éclaireurs israélites de France
42%
mouvement neutre créé dès 1947 Éclaireurs neutres de France
32%
mouvement laïque créé en 1989 Fédération des éclaireuses et éclaireurs
15%
Aucun quiz correspondant
Distribution des résultats
% des personnes avec chaque résultat
Percentile par nombre de réponses
Votre historique - résultats
Vous n’avez pas pris ce quiz